Writing expertise : a research-based approach to writing and learning across disciplines /

"In Writing Expertise, Linda Adler-Kassner and Elizabeth Wardle address the question, "How can instructors across disciplines best help students write well?" Drawing on research about how disciplines use writing to engage in shared ways of thinking, practicing, and demonstrating knowl...

Full description

Bibliographic Details
Main Authors: Adler-Kassner, Linda (Author), Wardle, Elizabeth (Elizabeth Ann) (Author)
Format: Book
Language:English
Published: Fort Collins, Colorado : Denver, Colorado : The WAC Clearinghouse ; University Press of Colorado, [2022]
Series:Practices & possibilities.
Subjects:

MARC

Tag First Indicator Second Indicator Subfields
LEADER 00000cam a2200000 i 4500
001 in00004742349
003 OCoLC
005 20230824162235.7
008 230104s2022 coua b 000 0 eng
010 |a  2022059662 
024 8 |a 40031863516 
040 |a DLC  |b eng  |e rda  |c DLC  |d OCLCF  |d COX  |d YDX 
020 |a 9781646423934  |q paperback 
020 |a 1646423933  |q paperback 
020 |z 9781642151701  |q electronic book 
020 |z 9781642151718  |q electronic book 
035 |a (OCoLC)1369676948 
042 |a pcc 
050 0 0 |a PE1404  |b .A348 2022 
082 0 0 |a 808/.0420711  |2 23/eng/20230210 
100 1 |a Adler-Kassner, Linda,  |e author. 
245 1 0 |a Writing expertise :  |b a research-based approach to writing and learning across disciplines /  |c By Linda Adler-Kassner and Elizabeth Wardle. 
264 1 |a Fort Collins, Colorado :  |b The WAC Clearinghouse ;  |a Denver, Colorado :  |b University Press of Colorado,  |c [2022] 
300 |a v, 106 pages :  |b illustrations ;  |c 23 cm. 
336 |a text  |b txt  |2 rdacontent 
337 |a unmediated  |b n  |2 rdamedia 
338 |a volume  |b nc  |2 rdacarrier 
490 1 |a Practices & possibilities 
520 |a "In Writing Expertise, Linda Adler-Kassner and Elizabeth Wardle address the question, "How can instructors across disciplines best help students write well?" Drawing on research about how disciplines use writing to engage in shared ways of thinking, practicing, and demonstrating knowledge, the authors offer an approach that helps faculty across the disciplines invite students to bring new ideas and identities to their work. Throughout the book, Adler-Kassner and Wardle help instructors explore what it means to write well in their courses, fields, or disciplines and offer strategies and activities that can help them improve their assignments by infusing research-based writing activities into their courses. Writing Expertise provides an innovative, equity- and research-based approach to writing in the disciplines that will enrich instructor and student thinking. Thoughtful discussions and well-designed activities provide the support needed to help instructors put disciplinary thinking into written form, develop systematic aways of learning about the students who write in their courses, and ultimately develop more effective, inclusive courses"--  |c Provided by publisher. 
504 |a Includes bibliographical references. 
505 0 |a Introduction. What this book does and how to use it -- Disciplinary knowledge: defining ways of thinking and practicing -- Representational knowledge: exploring threshold ideas about writing -- Disciplinary discourse: examining how disciplinary knowledge is represented -- Learning about and with learners -- Structuring intentional learning across your courses. 
650 0 |a English language  |x Rhetoric  |x Study and teaching (Higher) 
650 0 |a Academic writing. 
650 0 |a Language arts (Higher)  |x Correlation with content subjects. 
650 7 |a Academic writing.  |2 fast  |0 (OCoLC)fst00795090 
650 7 |a English language  |x Rhetoric  |x Study and teaching (Higher)  |2 fast  |0 (OCoLC)fst00911616 
650 7 |a Language arts (Higher)  |x Correlation with content subjects.  |2 fast  |0 (OCoLC)fst00992326 
700 1 |a Wardle, Elizabeth  |q (Elizabeth Ann),  |e author. 
776 0 8 |i Online version:  |a Adler-Kassner, Linda, 1964-  |t Writing expertise  |d Fort Collins : The WAC Clearinghouse; University Press of Colorado, [2023]  |z 9781642151701  |w (DLC) 2022059663 
830 0 |a Practices & possibilities. 
945 |b 808259 
947 |a A14852470559 
980 |b print  |c 40031863516  |f NONFIC/B  |g 565714  |k USD  |m 15.95  |q 1  |s AcqMono Conventional  |t Approval plan  |u Vendor order reference number  |v ZYBP  |y Print approval  |z Physical resource 
999 f f |i 21102846-1614-43f6-80ec-a8a954cb34cb  |s 72178c70-7edd-4cc4-9e2e-d1068e29403d  |t 0 
952 f f |p normal  |a Texas A&M University  |b College Station  |c Sterling C. Evans Library  |s Evans stk  |d Evans: Library Stacks  |t 0  |e PE1404 .A348 2022  |h Library of Congress classification  |i unmediated -- volume  |m A14852470559